2002 Worldwide Box Office - Statistics

General Stats
  • This quiz has been taken 21 times
  • The average score is 6 of 10
Answer Stats
Rank Movie Title Worldwide Box Office (USD) Distributor/Studio Genre % Correct
3 Spider-Man $823,929,972 Sony Superhero/Comics
88%
1 The Lord of the Rings: The Two Towers $921,711,177 New Line Fantasy
88%
2 Harry Potter and the Chamber of Secrets $876,145,955 Warner Bros. Fantasy
75%
4 Star Wars Ep. II: Attack of the Clones $656,695,615 20th Century Fox Sci-Fi/Fantasy
56%
8 Ice Age $386,116,343 20th Century Fox Family/Animation
50%
5 Men in Black 2 $441,767,803 Sony Sci-Fi/Comedy
50%
10 Minority Report $358,824,714 20th Century Fox Sci-Fi/Dystopia
50%
9 My Big Fat Greek Wedding $374,890,034 IFC Films Comedy
50%
6 Die Another Day $431,942,139 MGM Action
38%
7 Signs $408,250,578 Disney Sci-Fi/Fantasy
38%
No matching quizzes found
Score Distribution
Percent of People with Each Score
Percentile by Number Answered
Your Score History
You have not taken this quiz